<?xml version="1.0" encoding="UTF-8"?><?xml-stylesheet type="text/xsl" href="static/style.xsl"?><OAI-PMH xmlns="http://www.openarchives.org/OAI/2.0/" xmlns:xsi="http://www.w3.org/2001/XMLSchema-instance" xsi:schemaLocation="http://www.openarchives.org/OAI/2.0/ http://www.openarchives.org/OAI/2.0/OAI-PMH.xsd"><responseDate>2026-04-13T01:41:55Z</responseDate><request verb="GetRecord" identifier="oai:www.recercat.cat:10459.1/84153" metadataPrefix="marc">https://recercat.cat/oai/request</request><GetRecord><record><header><identifier>oai:recercat.cat:10459.1/84153</identifier><datestamp>2024-12-05T22:31:56Z</datestamp><setSpec>com_2072_3622</setSpec><setSpec>col_2072_479130</setSpec></header><metadata><record xmlns="http://www.loc.gov/MARC21/slim" xmlns:dcterms="http://purl.org/dc/terms/" xmlns:xsi="http://www.w3.org/2001/XMLSchema-instance" xmlns:doc="http://www.lyncode.com/xoai" xsi:schemaLocation="http://www.loc.gov/MARC21/slim http://www.loc.gov/standards/marcxml/schema/MARC21slim.xsd">
   <leader>00925njm 22002777a 4500</leader>
   <datafield ind2=" " ind1=" " tag="042">
      <subfield code="a">dc</subfield>
   </datafield>
   <datafield ind2=" " ind1=" " tag="720">
      <subfield code="a">Ciraso-Calí, Anna</subfield>
      <subfield code="e">author</subfield>
   </datafield>
   <datafield ind2=" " ind1=" " tag="720">
      <subfield code="a">Martínez-Fernández, J. Reinaldo</subfield>
      <subfield code="e">author</subfield>
   </datafield>
   <datafield ind2=" " ind1=" " tag="720">
      <subfield code="a">París Mañas, Georgina</subfield>
      <subfield code="e">author</subfield>
   </datafield>
   <datafield ind2=" " ind1=" " tag="720">
      <subfield code="a">Sánchez-Martí, Angelina</subfield>
      <subfield code="e">author</subfield>
   </datafield>
   <datafield ind2=" " ind1=" " tag="720">
      <subfield code="a">García-Ravidá, Laura B.</subfield>
      <subfield code="e">author</subfield>
   </datafield>
   <datafield ind2=" " ind1=" " tag="260">
      <subfield code="c">2022-11-08T11:37:33Z</subfield>
   </datafield>
   <datafield ind2=" " ind1=" " tag="260">
      <subfield code="c">2022-11-08T11:37:33Z</subfield>
   </datafield>
   <datafield ind2=" " ind1=" " tag="260">
      <subfield code="c">2022</subfield>
   </datafield>
   <datafield ind2=" " ind1=" " tag="520">
      <subfield code="a">Known as one of the competences of the 21st century, research competence can&#xd;
help students navigate through the complexities of a continuously shifting world. This&#xd;
study aims to analyze the acquisition and development of this competence in a sample&#xd;
of 154 undergraduate students of two bachelor’s degrees in Education Sciences&#xd;
(Social Education and Pedagogy) of the Universitat Autònoma de Barcelona (Spain).&#xd;
We conducted a three-phase study, in which (1) the learning outcomes related to&#xd;
research competences declared in the syllabi were identified and mapped through a&#xd;
content analysis of each syllabus; (2) students’ perceptions about the development of&#xd;
these learning outcomes were gathered through a questionnaire; and (3) guidelines&#xd;
to foster research competences among these undergraduates were explored by a&#xd;
Delphi panel technique. The results show that communicative skills and state-of-art&#xd;
reviewing skills are the least present across the courses of both degrees. The design&#xd;
of research competency acquisition across courses is uneven and does not seem&#xd;
clearly articulated. The students’ perception is consistent with the shortcomings, or&#xd;
disarticulation, observed in the curriculum analysis. They consider that the most poorly&#xd;
acquired competencies are the state-of-the-art reviewing, content knowledge, and&#xd;
communicative skills. Apparently, more emphasis is given to reflective thinking and&#xd;
communicative skills; but still, it is necessary to strengthen the acquisition of scientific&#xd;
content, the search for trustworthy information. These results were discussed with&#xd;
two panels of experts from which guidelines were defined to improve the acquisition,&#xd;
development, and evaluation of the research competence through university training in&#xd;
this field.</subfield>
   </datafield>
   <datafield ind1="8" ind2=" " tag="024">
      <subfield code="a">http://hdl.handle.net/10459.1/84153</subfield>
   </datafield>
   <datafield tag="653" ind2=" " ind1=" ">
      <subfield code="a">Research competence</subfield>
   </datafield>
   <datafield tag="653" ind2=" " ind1=" ">
      <subfield code="a">Scientific knowledge</subfield>
   </datafield>
   <datafield tag="653" ind2=" " ind1=" ">
      <subfield code="a">Higher education</subfield>
   </datafield>
   <datafield tag="653" ind2=" " ind1=" ">
      <subfield code="a">Education Sciences</subfield>
   </datafield>
   <datafield tag="653" ind2=" " ind1=" ">
      <subfield code="a">Pedagogy</subfield>
   </datafield>
   <datafield ind2="0" ind1="0" tag="245">
      <subfield code="a">The Research Competence: Acquisition and Development Among Undergraduates in Education Sciences</subfield>
   </datafield>
</record></metadata></record></GetRecord></OAI-PMH>